Quantitative Aptitude For Competitive Examinations (Record no. 50566)
[ view plain ]
| 000 -LEADER | |
|---|---|
| fixed length control field | 00372nam a22001457a 4500 |
| 003 - CONTROL NUMBER IDENTIFIER | |
| control field | MACL |
| 005 - DATE AND TIME OF LATEST TRANSACTION | |
| control field | 20151105155853.0 |
| 008 - FIXED-LENGTH DATA ELEMENTS--GENERAL INFORMATION | |
| fixed length control field | 151105b xxu||||| |||| 00| 0 eng d |
| 040 ## - CATALOGING SOURCE | |
| Transcribing agency | MACL |
| 041 ## - LANGUAGE CODE | |
| Language code of text/sound track or separate title | English |
| 100 ## - MAIN ENTRY--PERSONAL NAME | |
| Personal name | Varun Gupta |
| 9 (RLIN) | 17312 |
| 245 ## - TITLE STATEMENT | |
| Title | Quantitative Aptitude For Competitive Examinations |
| 260 ## - PUBLICATION, DISTRIBUTION, ETC. (IMPRINT) | |
| Place of publication, distribution, etc. | New Delhi |
| Name of publisher, distributor, etc. | Lexis Nexis |
| Date of publication, distribution, etc. | 2015 |
| 942 ## - ADDED ENTRY ELEMENTS (KOHA) | |
| Source of classification or shelving scheme | |
| Koha item type | Books |
| Withdrawn status | Lost status | Source of classification or shelving scheme | Damaged status | Not for loan | Home library | Current library | Shelving location | Date acquired | Cost, normal purchase price | Total Checkouts | Total Renewals | Barcode | Checked out | Date last seen | Date last checked out | Price effective from | Koha item type | Full call number |
|---|---|---|---|---|---|---|---|---|---|---|---|---|---|---|---|---|---|---|
| MACL | MACL | Reference | 05/11/2015 | 545.00 | 3 | 1 | DPI000430 | 24/10/2017 | 26/09/2017 | 26/09/2017 | 05/11/2015 | Books | ||||||
| MACL | MACL | 20/10/2023 | 799.00 | 2 | DPI001303 | 08/09/2024 | 23/06/2024 | 20/10/2023 | Books | 510 | ||||||||
| MACL | MACL | 20/10/2023 | 799.00 | 3 | DPI001304 | 01/08/2025 | 16/07/2025 | 20/10/2023 | Books | 510 | ||||||||
| MACL | MACL | 20/10/2023 | 799.00 | 6 | 2 | DPI001305 | 13/11/2025 | 03/10/2025 | 20/10/2023 | Books | 510 |









